LA NUEVA ECONOMIA PRESIDENCIAL (Registro nro. 29155)
[ vista simple ]
| 000 -LEADER | |
|---|---|
| fixed length control field | 00750nam a2200193 a 4500 |
| 001 - CONTROL NUMBER | |
| control field | 29155 |
| 005 - DATE AND TIME OF LATEST TRANSACTION | |
| control field | 20180713232142.0 |
| 008 - FIXED-LENGTH DATA ELEMENTS--GENERAL INFORMATION | |
| fixed length control field | 140415s1994 mx 000 0 spa d |
| 020 ## - INTERNATIONAL STANDARD BOOK NUMBER | |
| International Standard Book Number | 9700505049 |
| 041 ## - LANGUAGE CODE | |
| Language code of text/sound track or separate title | spa |
| 082 ## - DEWEY DECIMAL CLASSIFICATION NUMBER | |
| Classification number | 330.972063 |
| Item number | ZAI |
| 100 1# - MAIN ENTRY--PERSONAL NAME | |
| Personal name | Zaid, Gabriel. |
| 245 13 - TITLE STATEMENT | |
| Title | LA NUEVA ECONOMIA PRESIDENCIAL |
| 250 ## - EDITION STATEMENT | |
| Edition statement | 1a ed. |
| 260 ## - PUBLICATION, DISTRIBUTION, ETC. | |
| Place of publication, distribution, etc. | MEXICO : |
| Name of publisher, distributor, etc. | GRIJALBO, |
| Date of publication, distribution, etc. | 1994 |
| 300 ## - PHYSICAL DESCRIPTION | |
| Extent | 161 |
| Dimensions | 16.5 x 0.8 x 22.5 |
| 520 ## - SUMMARY, ETC. | |
| Summary, etc. | EL AUTOR HABLA AQUI SOBRE LA NUEVA ECONOMÍA PRESIDENCIAL, LA QUE ABONDONÓ LA VIEJA RETORICA REVOLUCIONARIA, JACOBINA Y TERCERMUNDISTA EN UN PASO HACIA LA ECONOMÍA DEL PRIMER MUNDO |
| 650 14 - SUBJECT ADDED ENTRY--TOPICAL TERM | |
| Topical term or geographic name entry element | CRISIS ECONOMICA |
| General subdivision | MEXICO |
| -- | ECONOMIA |
| -- | MODERNIZACION |
| -- | POLITICA |
| -- | POLITICA ECONOMICA |
| -- | MEXICO |
| -- | SIGLO XX |
| Withdrawn status | Lost status | Source of classification or shelving scheme | Damaged status | Not for loan | Collection code | Home library | Current library | Shelving location | Date acquired | Source of acquisition | Inventory number | Total Checkouts | Full call number | Barcode | Date last seen | Price effective from | Koha item type |
|---|---|---|---|---|---|---|---|---|---|---|---|---|---|---|---|---|---|
| Dewey Decimal Classification | General | Biblioteca Karol Wojtyla | Biblioteca Karol Wojtyla | Sala general | 03/12/2013 | Compra | 151000000000000000049361 | 330.972063 ZAI | 78258 | 05/01/2026 | 03/12/2013 | Libro | |||||
| Dewey Decimal Classification | General | Biblioteca Karol Wojtyla | Biblioteca Karol Wojtyla | Sala general | 03/12/2013 | Compra | 151000000000000000049357 | 330.972063 ZAI | 50302 | 05/01/2026 | 03/12/2013 | Libro |